Paesi nominati nella pagina Wikipedia della Germania - Statistics

Statistiche generali
  • Questo quiz è stato fatto 58 volte
  • Il punteggio medio è 25 su 32
Statistiche sulle risposte
Volte in cui viene nominato Indizio (basato sul motivo per cui lo stato è nominato nella pagina Wikipedia) Paese % Corretto
11 Paese confinante Francia
100%
6 Questo paese fu alleato della Germania tra il 1882 e il 1914 Italia
100%
2 Paese confinante Lussemburgo
100%
6 Paese confinante Polonia
100%
5 La Germania è il secondo paese più popoloso d'Europa, dopo questo Russia
100%
5 Paese confinante Svizzera
100%
9 Paese confinante Austria
98%
2 Paese confinante Belgio
98%
4 Paese confinante Danimarca
98%
5 La Germania è la seconda meta d'immigrazione al mondo, dopo questo paese Stati Uniti
98%
1 La Germania è il secondo maggior esportatore al mondo, dopo questo paese Cina
96%
4 Paese confinante Paesi Bassi
96%
1 Paese confinante Cechia
94%
1 La Germania ha il quarto PIL nominale più alto al mondo, dopo questo paese Giappone
92%
5 Paese con cui la Germania entrò in competizione per il dominio dei mari prima della Grande Guerra Regno Unito
90%
1 Questo paese, allora parte dell'URSS, fu occupato dalla Germania durante la seconda guerra mondiale Ucraina
90%
2 Paese alleato della Germania durante la seconda guerra mondiale Ungheria
85%
1 Questo paese, allora parte dell'URSS, fu occupato dalla Germania durante la seconda guerra mondiale Bielorussia
83%
2 Paese alleato della Germania durante la seconda guerra mondiale Romania
81%
1 Paese invaso dalla Germania nel 1941 Grecia
79%
1 Paese alleato della Germania durante la seconda guerra mondiale Bulgaria
73%
1 Paese in cui, durante il medioevo, si stabilirono dei coloni tedeschi Slovacchia
71%
1 Paese invaso dalla Germania nel 1940 Norvegia
69%
1 Paese colonizzato dalla Germania Namibia
56%
2 Paese in cui la Germania schierava truppe in missione di pace Afghanistan
52%
1 Paese per il cui dominio la Germania e la Francia si scontrarono diplomaticamente all'inizio del '900 Marocco
52%
1 Paese in cui la Germania schiera truppe in missione di pace Kosovo
50%
1 Paese in cui si trovano le linee di Nazca, studiate dalla tedesca Maria Reiche Perù
50%
1 Paese colonizzato dalla Germania Togo
44%
1 Paese colonizzato dalla Germania Tanzania
42%
1 Paese colonizzato dalla Germania Camerun
38%
1 Paese colonizzato dalla Germania Papua Nuova Guinea
23%
Nessun quiz corrispondente trovato
Distribuzione punteggi
Percentuale di utenti per punteggio
Percentile per numero di risposta
I tuoi punteggi nel tempo
Non hai fatto questo quiz